Statistics for NBA Annual Total Playoff Points Leaders

Click here to take the quiz!

General Stats

  • This quiz has been taken 24 times
    (23 since last reset)
  • The average score is 59 of 77

Answer Stats

SeasonTeamPointsAnswer% Correct
2011DAL582Dirk Nowitzki
100%
2021MIL634Giannis Antetokounmpo
100%
2022BOS615Jayson Tatum
100%
2019TOR732Kawhi Leonard
100%
2014OKL563Kevin Durant
100%
2004LAL539Kobe Bryant
100%
2008LAL633Kobe Bryant
100%
2009LAL695Kobe Bryant
100%
2010LAL671Kobe Bryant
100%
2007CLE501LeBron James
100%
2013MIA596LeBron James
100%
2012MIA697LeBron James
100%
2015CLE601LeBron James
100%
2017CLE591LeBron James
100%
2018CLE748LeBron James
100%
2023DEN600Nikola Jokic
100%
2020LAL582Anthony Davis
95%
2006MIA654Dwyane Wade
95%
1987BOS622Larry Bird
95%
1984BOS632Larry Bird
95%
1985BOS520Larry Bird
95%
1998CHI680Michael Jordan
95%
1997CHI590Michael Jordan
95%
1996CHI552Michael Jordan
95%
1993CHI666Michael Jordan
95%
1992CHI759Michael Jordan
95%
1991CHI529Michael Jordan
95%
1990CHI587Michael Jordan
95%
1989CHI591Michael Jordan
95%
2002LAL541Shaquille O'Neal
95%
2000LAL707Shaquille O'Neal
95%
2003SAS593Tim Duncan
95%
2005SAS542Tim Duncan
95%
1980LAL479Kareem Abdul-Jabbar
91%
1983LAL406Kareem Abdul-Jabbar
91%
1974MIL515Kareem Abdul-Jabbar
91%
2016GSW582Klay Thompson
91%
1994HOU664Hakeem Olajuwon
86%
1995HOU725Hakeem Olajuwon
86%
1986HOU537Hakeem Olajuwon
86%
1964SFW416Wilt Chamberlain
86%
2001PHI723Allen Iverson
82%
1966LAL479Jerry West
77%
1968BOS493Jerry West
77%
1969LAL556Jerry West
77%
1965LAL447Jerry West
77%
1970LAL562Jerry West
77%
1973LAL401Jerry West
77%
1982PHI461Julius Erving
77%
1977PHI518Julius Erving
77%
1981HOU562Moses Malone
73%
1988LAL506James Worthy
68%
1960STL365Bob Pettit
64%
1957STL298Bob Pettit
64%
1963LAL424Elgin Baylor
59%
1962LAL502Elgin Baylor
59%
1959LAL331Elgin Baylor
59%
1961LAL457Elgin Baylor
59%
1967SFW521Rick Barry
59%
1975GSW479Rick Barry
59%
1972NYK388Walt Frazier
55%
1976BOS408Jo Jo White
50%
1978WSB457Elvin Hayes
45%
1953MNL238George Mikan
45%
1949MNL303George Mikan
45%
1950MNL376George Mikan
45%
1952MNL307George Mikan
45%
1954MNL252George Mikan
45%
1956PHW289Paul Arizin
45%
1955SYR209Dolph Schayes
36%
1971BAL397Earl Monroe
36%
1979SEA454Gus Williams
27%
1948SFW282Joe Fulks
27%
1947SFW222Joe Fulks
27%
1958STL305Cliff Hagan
14%
1999NYK407Latrell Spreewell
14%
1951ROC273Arnie Risen
9%

Score Distribution

Percentile by Number Answered

Percent of People with Each Score

Your Score History

You have not taken this quiz since the last reset